| 000 | 02045cam a2200361 i 4500 | ||
|---|---|---|---|
| 001 | 17721913 | ||
| 003 | OSt | ||
| 005 | 20180116183013.0 | ||
| 008 | 130502t20142014flu b 001 0 eng | ||
| 010 | _a 2013017595 | ||
| 020 | _a9781466556805 (hardback) | ||
| 020 | _a1466556803 (hardback) | ||
| 040 |
_aDLC _beng _cDLC _erda _dDLC |
||
| 042 | _apcc | ||
| 050 | 0 | 0 |
_aT58.8 _b.L35 2014 |
| 082 | 0 | 0 |
_a658.4013 CUD 2013 _223 |
| 084 |
_aBUS000000 _aMED002000 _aTEC032000 _2bisacsh |
||
| 100 | _aElizabeth A. Cudney, | ||
| 245 | 0 | 0 |
_aLean systems : _bapplications and case studies in manufacturing, service, and healthcare / _c[edited by] Elizabeth A. Cudney, Sandra L. Furterer, David M. Dietrich. |
| 300 |
_axx, 513 pages ; _c24 cm |
||
| 504 | _aIncludes bibliographical references and index. | ||
| 520 | _a"There are few books on Lean that comprehensively describe each Lean tool, particularly those including detailed case studies with step-by-step analysis, nor do they provide guidance on how to apply Lean to develop healthcare and service processes. This book provides an in-depth description of the various Lean techniques and numerous real-world Lean projects from a wide variety of manufacturing, healthcare, and service processes, demonstrating how to apply the Lean philosophy. IT facilitates Lean instruction by providing interactive case studies which will enable readers to apply the various Lean techniques"-- | ||
| 650 | 0 |
_aIndustrial efficiency _xCase studies. |
|
| 650 | 0 |
_aLean manufacturing _vCase studies. |
|
| 650 | 7 |
_aBUSINESS & ECONOMICS / General _2bisacsh. |
|
| 650 | 7 |
_aMEDICAL / Administration _2bisacsh. |
|
| 650 | 7 |
_aTECHNOLOGY & ENGINEERING / Quality Control _2bisacsh. |
|
| 700 | 1 | _aCudney, Elizabeth A. | |
| 856 | 4 | 2 |
_3Cover image _uhttp://images.tandf.co.uk/common/jackets/websmall/978146655/9781466556805.jpg |
| 906 |
_a7 _bcbc _corignew _d1 _eecip _f20 _gy-gencatlg |
||
| 942 |
_2ddc _cBK |
||
| 999 |
_c350360 _d350360 |
||